| 000 | 00513nam a2200181Ia 4500 | ||
|---|---|---|---|
| 003 | GCL | ||
| 008 | 140319s9999 xx 000 0 eng d | ||
| 040 |
_aGCL / _cGCL |
||
| 082 | 0 | 4 |
_a551.41 _bA E |
| 100 | 1 | _aABOU-EL-ENIN, HASSAN | |
| 245 | 1 | 0 |
_aESSAYS ON THE GEOMORPHOLOGY OF THE LEBANON / _cABOU-EL-ENIN, HASSAN |
| 260 |
_a[S.N] : _bBEIRUT ARAB UNIVERSITY ، _c1973 |
||
| 300 | _a314 P | ||
| 490 |
_aBEIRUT ARAB UNIVERSITY _v0 |
||
| 650 | 0 | 4 | _aGEOMOPHOLOGY |
| 650 | 0 | 4 | _aLEBANON - MOUNTAINS |
| 942 |
_2ddc _cBK |
||
| 999 |
_c19648 _d19648 |
||